000
00228 a2200097 4500
001
30393
100
_a
CHA, Burns Mantle
245
_a
The best plays of 1948-1949
260
_a
Newyork
_b
dodd Mead & Co
_c
090
_c
20345
_d
20345
942
_a
NUST-CAE
_c
M
_c
11498
999
_c
265466
_d
265466